书目信息 |
| 题名: |
野生动物趣谈:野生动物与环境(下册)
|
|
| 作者: | 袁建国 编著 | |
| 分册: | ||
| 出版信息: | 北京 中国环境科学出版社 1997.09 |
|
| 页数: | 155页 | |
| 开本: | 32开 | |
| 丛书名: | ||
| 单 册: | ||
| 中图分类: | X174-49 | |
| 科图分类: | ||
| 主题词: | 环境生物学 | |
| 电子资源: | ||
| ISBN: | 7-80093-571-X | |
| 000 | 00615nam0 2200193 45 | |
| 001 | 0007191064 | |
| 005 | 20001125172514.8 | |
| 010 | @a7-80093-571-X@d6.80元 | |
| 100 | @a20000719d1997 km y0chiy0120 ea | |
| 101 | 0 | @achi |
| 105 | @a z 000yy | |
| 200 | 1 | @a野生动物趣谈:野生动物与环境(下册)@AYe Sheng Dong Wu Qu Tan:Ye Sheng Dong Wu Yu Huan Jing(Xia Ce)@f袁建国编 著@FYuan Jian Guo Bian Zhu |
| 210 | @a北京@c中国环境科学出版社@d1997.09 | |
| 215 | @a155页@d32开 | |
| 606 | 0 | @a环境生物学 |
| 690 | @aX174-49@v3 | |
| 701 | 0 | @a袁建国@4编著 |
| 801 | @aCN@bPftUser@c20000719 | |
| 905 | @dX174-49@eY269:2@b504833-837@f5 | |
| 野生动物趣谈:野生动物与环境(下册)/袁建国编 著.-北京:中国环境科学出版社,1997.09 |
| 155页;32开 |
| ISBN 7-80093-571-X:6.80元 |
| ● |
| 相关链接 |
|
|
|
正题名:野生动物趣谈:野生动物与环境(下册)
索取号:X174-49/Y269:2
 
预约/预借
| 序号 | 登录号 | 条形码 | 馆藏地/架位号 | 状态 | 备注 |
| 1 | 504833 | 205048330 | 期刊室512/501自科库 63排5列5层/ [索取号:X174-49/Y269:2] | 在馆 | |
| 2 | 504834 | 205048349 | 自科二线504/501自科库 63排5列5层/ [索取号:X174-49/Y269:2] | 在馆 | |
| 3 | 504835 | 205048358 | 自科二线504/501自科库 63排5列5层/ [索取号:X174-49/Y269:2] | 在馆 | |
| 4 | 504836 | 205048367 | 自科二线504/501自科库 63排5列5层/ [索取号:X174-49/Y269:2] | 在馆 | |
| 5 | 504837 | 205048376 | 自科二线504/501自科库 63排5列5层/ [索取号:X174-49/Y269:2] | 在馆 |